Science Quiz

Random Science or Animal Quiz

Creepy...Crawly...BUGS! Quiz Stats

 Plays Quiz Updated Mar 25, 2015

Challenge
Share
Tweet
Score 0/20 Timer 04:00
1 Play Today
# Bug % Correct
1Ladybug (Coccinellidae)
99.2%
18Monarch butterfly (Danaus plexippus)
95.1%
7Scorpion (Scorpiones)
94.3%
2Praying Mantis (Mantodea)
92.6%
11Dragonfly (Anisoptera)
92.6%
9Grasshopper (Caelifera)
89.6%
3Mosquito (Culicidae)
86.5%
14Stickbug (Phasmatodea)
81.3%
10Bumblebee (Bombus terrestris)
80.2%
5Dung beetle (Scarabaeoidea)
79.3%
# Bug % Correct
6Woolly Bear (Pyrrharctia isabella)
74.6%
20Southern Yellowjacket (Vespula squamosa)
73.7%
13German cockroach (Blattella germanica)
73.3%
8Housefly (Musca domestica)
67.6%
12Water strider (Gerridae)
60.8%
17Firefly (Lampyridae)
48.6%
15Cicada (Cicadoidea)
45.8%
19Katydid (Tettigoniidae)
20.2%
4Lacewing fly (Neuroptera)
18.2%
16Japanese beetle (Popillia japonica)
17.1%

You're not logged in!

Compare scores with friends on all Sporcle quizzes.
OR
Log In

You Might Also Like...

Show Comments

Extras

Top Quizzes Today


Score Distribution

Your Account Isn't Verified!

In order to create a playlist on Sporcle, you need to verify the email address you used during registration. Go to your Sporcle Settings to finish the process.

Report this User

Report this user for behavior that violates our Community Guidelines.

Details: